000 00246nam a2200097Ia 4500
001 1044931
005 20250826232149.0
008 250824s9999 xx 000 0 und d
245 0 _aKENDİNİ BULMAK
_cİHSAN FAZLIOĞLU
260 _bKETEBE YAYINLARI
999 _c1044931
_d1044931